Las empresas turísticas y su administración /

Detalles Bibliográficos
Otros Autores: Gazzera, María Alejandra, Lombardo, Lorena, Vogel, Mónica, Quadrini, Fabiana, Molina, Marcela, Marenzana, Gabriela, Falquemberg, Cristian
Formato: Libro
Lenguaje:Espa�ol
Publicado: Neuquén : EDUCO, 2010.
Materias:
Etiquetas: Agregar Etiqueta
Sin Etiquetas, Sea el primero en etiquetar este registro!

MARC

LEADER 00000nam a22000004a 4500
001 AR-BbUGT5150
003 AR-BbUGT
005 20181220001950.0
007 ta
008 151113t2010 ag |0|||0|spa d
020 |a 978-987-604-188-1 
040 |a AR-BbUGT  |b spa  |c AR-BbUGT 
082 0 4 |a 338.4791 
245 0 4 |a Las empresas turísticas y su administración /   |c María Alejandra Gazzera ... [et al]. 
260 |a Neuquén :   |b EDUCO,   |c 2010. 
300 |a 391 p. ;   |c 23 cm. 
505 0 |a Capítulo I: Marco general de la administración. Administración de empresas. Elementos de la organización. Análisis del entorno a través de las fuerzas competitivas de Porter. El entorno de la empresa y análisis FODA -- Capítulo II: Los servicios turísticos y la calidad. La calidad de servicios. Buenas prácticas de calidad en empresas turísticas. Sistema de gestión de la calidad según las normas IRAM. Diseño y control de procesos en servicios turísticos. Competitividad y cadena de valor -- Capítulo III: Transporte aéreo. El producto aéreo: reseñas y características -- Capítulo IV: Transporte terrestre. Transporte por carretera. Transporte por ferrocarril -- Capítulo V: Transporte náutico. Transporte marítimo, fluvial y lacustre -- Capítulo VI: Las agencias de viajes como principales intermediarias -- Capítulo VII: Servicio de alojamiento. Alojamiento hotelero. Una modalidad especial de alojamiento : el Tiempo Compartido. Del rol del Estado y nuevas tendencias -- Capítulo VIII: Tecnologías de la información en los servicios turísticos. Influencia de las Tecnologías de Información y los canales de distribución. Relevancia de las Tic en las empresas turísticas 
653 |a Gestión Turística 
653 |a Servicios Turísticos 
653 |a Empresas Turísticas 
653 |a Gestión de Calidad 
700 1 |a Gazzera, María Alejandra. 
700 1 |a Lombardo, Lorena. 
700 1 |a Vogel, Mónica. 
700 1 |a Quadrini, Fabiana. 
700 1 |a Molina, Marcela. 
700 1 |a Marenzana, Gabriela. 
700 1 |a Falquemberg, Cristian. 
942 |c BK  |h 338.4791  |i EM55  |2 ddc  |6 338_479100000000000_EM55 
999 |c 12328  |d 12328